000 00584nam a2200181 a 4500
005 20210223123400.0
008 991125s1976 mx 000 0 spa u
035 _aUPN01000052270
049 _aCG
050 4 _aDK265
_bB6.78
100 1 _aBoffa, Giuseppe
245 1 3 _aLa revolución rusa /
_cGiuseppe Boffa ; tr. Ana María Palos.
260 _aMéxico :
_bEra,
_c1976.
300 _a2 v. :
_bil., foto
440 3 _aEl hombre y su tiempo.
_pSerie historia de las revoluciones del siglo XX
651 4 _aUNION SOVIETICA -
_xHISTORIA -
_yREVOLUCION, 1917-1921
_91656
905 _aLibro
999 _c52270
_d52270